[Event "Agneaux St Lo op U1400 14th"]
[Site "Agneaux"]
[Date "2012.07.10"]
[Round "5"]
[White "Decker, Pierre Olivier"]
[Black "Artur, Sean"]
[Result "1/2-1/2"]
[WhiteElo "1320"]
[BlackElo "1099"]
[PlyCount "108"]
[EventDate "2012.07.07"]
[EventType "swiss"]
[EventRounds "9"]
[EventCountry "FRA"]
[SourceTitle "EXT 2013"]
[Source "ChessBase"]
[SourceDate "2012.11.22"]
[SourceVersion "1"]
[SourceVersionDate "2012.11.22"]
[SourceQuality "1"]

1. d4 e5 2. c3 exd4 3. cxd4 d5 4. f4 c5 5. e3 cxd4 6. exd4 Nf6 7. Nf3 Bg4 8. Bd3 Nc6 9. a3 Nxd4 10. Nbd2 Qa5 11. 0-0 Be7 12. b4 Qb6 13. Qe1 Nc2+ 14. Qf2 Qxf2+ 15. Rxf2 Nxa1 16. Bb2 Bxf3 17. Rxf3 Rc8 18. Bxa1 Rc1+ 19. Rf1 Rxf1+ 20. Kxf1 0-0 21. Bd4 a5 22. bxa5 Bxa3 23. Bxf6 gxf6 24. Be2 Bb4 25. Nb3 Ra8 26. Bf3 Bxa5 27. Nxa5 Rxa5 28. Ke2 Kf8 29. Kd3 Ke7 30. Kd4 Kd6 31. Bh5 Ra4+ 32. Kd3 Rxf4 33. Bxf7 b5 34. Kc3 d4+ 35. Kd3 b4 36. g3 Rf3+ 37. Kxd4 b3 38. Bd5 Rf2 39. Bxb3 Rxh2 40. Ke4 Rh5 41. Kf4 Ke7 42. g4 Rg5 43. Bc2 h6 44. Bb3 h5 45. gxh5 Rxh5 46. Kg4 Rb5 47. Bc2 Rc5 48. Bd3 Ke6 49. Kf4 f5 50. Be2 Rc2 51. Ba6 Rf2+ 52. Kg3 Ra2 53. Bc4+ Ke5 54. Bxa2 f4+ 1/2-1/2